00974nam a22001937a 450000500170000000800410001702000180005805000250007610000260010124501470012725000110027426002470028530000300053249000470056250400360060965000710064570000280071670000360074420200228110556.0200228b mx ||||| |||| 00| 0 spa d a978607809297004aPN2091.S8 bG66 20141 aGonzález, Xóchitl10aManual práctico de diseño escenográfico c/ Xóchitl González ; con la colaboración de Esaú Corona ; prólogo de Martín Acosta a1a ed. aMéxico : bToma, Ediciones y Producciones Escénicas y Cinematográficas : bGobierno del Estado de Durango. Instituto de Cultura del Estado de Durango : bGobierno Municipal de Saltillo. Instituto Municipal de Cultura de Saltillo, c2014 a127 p. : bil. ; c27 cm.0 aSerie Teoría y técnica. aPaso de gato aIncluye bibliografía e indice 72lembaTeatroxEscenario y decoracionesxProducción y dirección1 aCorona, Esaú, eautor1 aAcosta, Martín, eprologuista